000 02890nam0a2200457 4500
001 RU\NLR\bibl\364206
005 20260409074237.0
010 _a5-09-010436-0
_910000
021 _aRU
_b2002-57128
_92775
035 _a(NLR Aleph) 000358789
090 _a322412
_c322412
100 _a20030128d2003 |||y0rusy50 ca
101 0 _arus
_aeng
102 _aRU
105 _ay |||||||||
200 1 _aКнига для учителя к учебнику английского языка для V класса школ с углубленным изучением английского языка, лицеев, гимназий, колледжей
_fИ.Н. Верещагина, О.В. Афанасьева
205 _a5-е изд.
210 _aМ.
_cПросвещение
_d2003
215 _a92, [2] с.
_d22
300 _aНа обл.: English : Teacher's book / I.N. Vereshchagina, O.V. Afanasyeva
320 _aБиблиогр. в подстроч. примеч.
512 1 _6z45790
_aEnglish
_eTeacher's book
604 _1700#1$aВерещагина$bИ. Н.$gИрина Николаевна$4070
_1701#1$aАфанасьева$bО. В.$gОльга Васильевна$4070
_150010$aАнглийский язык : Учеб. англ. яз. для V кл. шк. с углубл. изучением англ. яз., лицеев, гимназий, колледжей$2psbo
_aВерещагина, Ирина Николаевна
_tАнглийский язык : Учеб. англ. яз. для V кл. шк. с углубл. изучением англ. яз., лицеев, гимназий, колледжей
606 0 _aАнглийский язык
_xМетодика преподавания
_xСредняя школа
_9970256
_3RU\NLR\auth\6644972
606 _aАнглийский язык
_xПреподавание
_xСредняя школа
_3RU\NLR\auth\661291071
_92142276
610 0 _aАнглийский язык - Метод. пособия
675 _a372.881.111.1.046.14
_v3
_zrus
686 _a14
_2rugasnti
686 _a74.268.1Англ
_2rubbk
686 _aЧ426.179Ан.2(2)-215
700 1 _4070
_7ca
_8rus
_aВерещагина
_bИ. Н.
_cканд. пед. наук
_f1926-2011
_gИрина Николаевна
_3RU\NLR\AUTH\776375
_9116329
701 1 _4070
_8rus
_7ca
_aАфанасьева
_bО. В.
_cд-р филол. наук
_f1948-
_gОльга Васильевна
_3RU\NLR\AUTH\777326
_9117263
790 1 _4070
_8rus
_7ba
_aVereščagina
_bI. N.
_cканд. пед. наук
_f1926-2011
_gIrina Nikolaevna
_3RU\NLR\AUTH\776376
_9116330
790 1 _4070
_8rus
_7ba
_aAfanas'eva
_bO. V.
_cд-р филол. наук
_f1948-
_gOl'ga Vasil'evna
_3RU\NLR\auth\777327
_9117264
801 0 _aRU
_bRKP
_c20010330
_gPSBO
801 1 _aRU
_bRKP
_c20010330
801 2 _aRU
_bNLR
_c20070510
_grcr
942 _cBOOK
980 _aNB